Záplava z mora
Dej jedného z posledných Verneových dobrodružných románov sa odohráva v exotickom prostredí Alžírska a Tunisu začiatkom tohto storočia, kde sa má uskutočniť realizácia gigantického projektu - umelého mora na Sahare
| Hlavný autor: | |
|---|---|
| Ďalší autori: | |
| Médium: | CD Zvuková nahrávka |
| Jazyk: | slovenčina francúzština |
| Fyzický popis: | 1 elektronický optický disk (CD-ROM) digitál., MP3 12 cm |
| Vydavateľské údaje: |
V Levoči
Slovenská knižnica pre nevidiacich Mateja Hrebendu
2019
|
| ISBN: | 9788018081761 (CDROM) |
| Predmet: |
MARC
| LEADER | 00000cim a2200000 a 4500 | ||
|---|---|---|---|
| 001 | vtls011875619 | ||
| 003 | SK-MaSNL | ||
| 005 | 20260301051516.0 | ||
| 007 | sd fungnnmmned | ||
| 008 | 190708s2019 xo nnnnfs f n slo | ||
| 015 | |a SNBJ2020 | ||
| 020 | |a 9788018081761 (CDROM) | ||
| 040 | |a SNK |b slo |c SNK |e AACR2 | ||
| 041 | 1 | |d slo |h fre | |
| 044 | |a xo |c SK | ||
| 072 | 7 | |a 821.133.1-3 |x Francúzska próza, francúzsky písaná |2 konspekt | |
| 080 | |a 821.133.1-31 |2 2011 | ||
| 080 | |a (0:82-311.3) |2 2011 | ||
| 080 | |a (086.7.053.2) |2 2011 | ||
| 080 | |a (086.76) |2 2011 | ||
| 100 | 1 | |a Verne, Jules, |d 1828-1905 |4 aut |9 221838 | |
| 245 | 1 | 0 | |a Záplava z mora |h elektronický zdroj |c Jules Verne ; číta: Anton Kaščák |
| 260 | |a V Levoči |b Slovenská knižnica pre nevidiacich Mateja Hrebendu |c 2019 | ||
| 300 | |a 1 elektronický optický disk (CD-ROM) |b digitál., MP3 |c 12 cm | ||
| 306 | |a 063000 | ||
| 520 | 8 | |a Dej jedného z posledných Verneových dobrodružných románov sa odohráva v exotickom prostredí Alžírska a Tunisu začiatkom tohto storočia, kde sa má uskutočniť realizácia gigantického projektu - umelého mora na Sahare | |
| 521 | |a Pre nevidiacich, slabozrakých a inak zdravotne postihnutých | ||
| 655 | 7 | |a zvukové záznamy pre deti a mládež |2 SNKPH |9 70694 | |
| 655 | 7 | |a dobrodružné romány |2 SNKPH |9 70486 | |
| 655 | 7 | |a francúzske romány |2 SNKPH |9 70252 | |
| 655 | 7 | |a CD-ROM |2 SNKPH |9 70236 | |
| 700 | 1 | |a Kaščák, Anton |4 nrt |9 311596 | |
| 752 | |a Slovensko |d Levoča | ||
| 919 | |a 978-80-18-08176-1 | ||
| 958 | |a SX | ||
| 958 | |a LX | ||
| 958 | |a UP | ||
| 958 | |a DB | ||
| 999 | |c 603545 |d 605475 | ||
| 952 | |a SNK |b SNK |y PREZ |7 0 |p 17A1416947 |o snkSCD 5305 |i snk2020/5293 |8 0 |0 0 |1 0 |4 0 |d 2020-03-02 |l 0 |r 2026-02-23 16:01:15 |w 2026-02-23 | ||


